000 00740nam a2200289Ia 4500
005 20260324145409.0
008 008 260324s9999 xx 000 0 eng d
020 _a9780203781548
037 _aEBOOK
040 _aCRL
040 _beng
040 _cCRL
041 _2eng
041 _aeng
084 _qCRL
100 _aR. M. Shiffrin; F. Restle; R. M. Shiffrin; N. J. Castellan, Jr.; H. R. Lindman; D. B. Pisoni
_91222819
245 0 _aCognitive Theory
245 0 _bVolume 1: Cognitive Theory
260 _bTaylor and Francis
260 _c1982
365 _a
365 _b230
856 _uhttp://www.taylorfrancis.com/books/9780203781548
942 _cEBOOK
999 _c1830673
_d1830673